| 000 | 00603nam a2200241Ia 4500 | ||
|---|---|---|---|
| 003 | OSt | ||
| 005 | 20221005124107.0 | ||
| 006 | a|||||r|||| 00| 0 | ||
| 007 | ta | ||
| 008 | 221004b |||||||| |||| 00| 0 mal d | ||
| 024 | _a46328 | ||
| 037 | _cTextual | ||
| 040 |
_aCRL _cCRL _bmal |
||
| 041 |
_2mal _amal |
||
| 082 | _aY73(Q6):1:6.1, 32J5 | ||
| 100 |
_aNundasserry _9634690 |
||
| 245 | 0 |
_aMathom _b avideyum ivideyum |
|
| 260 | _c1955 | ||
| 300 |
_a96 _ccm. |
||
| 650 | _aSOCIOLOGY | ||
| 942 |
_hY73(Q6):1:6.1, 32J5 _cTEXL _2cc |
||
| 999 |
_c1049440 _d1049440 |
||